000 00453nam a2200181Ia 4500
005 20250508153908.0
008 008 250505s9999 xx 000 0 eng d
037 _aBooks to be hide in OPAC
040 _aFEDL
_beng
_cFEDL
041 _aeng
_2eng
084 _qFEDL
245 0 _aGeschichte der osterreichischen madchenmittelschule
260 _c1952
300 _a189p..
546 _aWeeded out
942 _cHB
999 _c1346193
_d1346193